[Event "Koge Lang Sommerweekend 2023"]
[Site "Koge"]
[Date "2023.07.15"]
[Round "7"]
[White "Jacobsen, Mikkel Manosri"]
[Black "Meskenas, Paulius"]
[Result "0-1"]
[WhiteElo "2346"]
[BlackElo "2194"]
[PlyCount "126"]
[EventDate "2023.07.12"]
[EventType "tourn"]
[EventRounds "9"]
[EventCountry "DEN"]
[SourceTitle "Turneringssystemet"]

1. c4 c5 2. g3 g6 3. Bg2 Bg7 4. Nc3 Nc6 5. Nf3 e6 6. d4 cxd4 7. Nb5 d5 8. cxd5
Qa5+ 9. Nd2 Qxb5 10. dxc6 bxc6 11. Ne4 Kf8 12. a4 Qb6 13. b3 Ba6 14. Ba3+ Ne7
15. Nc5 Bc8 16. O-O f5 17. e4 dxe3 18. Qd6 Kf7 19. Nxe6 Bf6 20. Bc5 exf2+ 21.
Kh1 Qxb3 22. Nd4 Qb8 23. Rad1 Qxd6 24. Bxd6 Ba6 25. Rxf2 Rhd8 26. Bc5 Rac8 27.
Rfd2 Bxd4 28. Rxd4 Rxd4 29. Rxd4 Rc7 30. Rd8 Bc4 31. Kg1 Bd5 32. Bf1 Nc8 33.
Ba6 Nb6 34. a5 Nc4 35. Ra8 Nxa5 36. Rh8 Kg7 37. Bd4+ Kh6 38. Be3+ Kg7 39. Bd4+
Kh6 40. Be3+ g5 41. h4 Kg7 42. Bd4+ Kg6 43. g4 Nc4 44. h5+ Kh6 45. gxf5 Kxh5
46. Rb8 Rf7 47. Rb4 Rxf5 48. Bxc4 Bxc4 49. Rxc4 Rf4 50. Rb4 a5 51. Rb7 Rxd4 52.
Rxh7+ Kg4 53. Ra7 a4 54. Ra5 Rc4 55. Kf2 c5 56. Ke3 Kh3 57. Kd3 Rb4 58. Rxc5 g4
59. Ke2 Kg2 60. Rc2 a3 61. Ke3+ Kh3 62. Ra2 Rb3+ 63. Kf4 g3 0-1

[Event "Koge Lang Sommerweekend 2023"]
[Site "Koge"]
[Date "2023.07.15"]
[Round "7"]
[White "Eriksson, Christian Altenburg"]
[Black "Damm, Kasper Wilken"]
[Result "0-1"]
[WhiteElo "2126"]
[BlackElo "2159"]
[PlyCount "72"]
[EventDate "2023.07.12"]
[EventType "tourn"]
[EventRounds "9"]
[EventCountry "DEN"]
[SourceTitle "Turneringssystemet"]

1. e4 c5 2. c3 Nf6 3. e5 Nd5 4. Nf3 e6 5. d4 cxd4 6. cxd4 d6 7. Bc4 Be7 8. O-O
O-O 9. Qe2 Nc6 10. Nc3 Nxc3 11. bxc3 dxe5 12. dxe5 Qa5 13. Rb1 Rd8 14. Rb5 Qc7
15. Re1 b6 16. Rb1 Na5 17. Bd3 Bb7 18. Be4 Bxe4 19. Qxe4 Qxc3 20. Bg5 Bxg5 21.
Nxg5 Qd3 22. Qf4 Qf5 23. Qg3 Rd4 24. Rbd1 Rxd1 25. Rxd1 h6 26. Nh3 Rc8 27. f3
Rc2 28. Nf2 Nc6 29. Ng4 Qg6 30. Qf4 Rxa2 31. h4 Ra5 32. Rd6 Rc5 33. h5 Qxh5 34.
Qe4 Qf5 35. Qa4 Qc2 36. Qa6 Nxe5 0-1

[Event "Koge Lang Sommerweekend 2023"]
[Site "Koge"]
[Date "2023.07.15"]
[Round "7"]
[White "Skytte, Rasmus"]
[Black "Koch Mueller, Oscar"]
[Result "1-0"]
[WhiteElo "2351"]
[BlackElo "2132"]
[PlyCount "115"]
[EventDate "2023.07.12"]
[EventType "tourn"]
[EventRounds "9"]
[EventCountry "DEN"]
[SourceTitle "Turneringssystemet"]

1. e4 e6 2. d4 d5 3. Nc3 Nf6 4. e5 Nfd7 5. Nce2 c5 6. c3 Nc6 7. Nf3 a5 8. Nf4
cxd4 9. cxd4 g5 10. Ne2 g4 11. Nd2 Qb6 12. Nb1 f6 13. exf6 Nxf6 14. Nbc3 Bd6
15. g3 Bd7 16. Bg5 Rf8 17. Bg2 Ne7 18. O-O O-O-O 19. a3 Kb8 20. b4 axb4 21.
axb4 Rc8 22. Ra2 Rc4 23. Qa1 Kc7 24. b5 Kd8 25. Rb1 Ke8 26. Na4 Qc7 27. Nc5 Kf7
28. Nf4 Rxc5 29. dxc5 Be5 30. b6 Qb8 31. Rbb2 Nc6 32. Qb1 Bxb2 33. Rxb2 Kg8 34.
Re2 Nd4 35. Re3 Ne4 36. Rxe4 dxe4 37. Qxe4 Nf3+ 38. Bxf3 gxf3 39. Nh5 Qe8 40.
Nf6+ Rxf6 41. Bxf6 Qg6 42. Qxg6+ hxg6 43. h4 Kf7 44. Be5 Bc6 45. Kh2 Be4 46.
Kh3 Bc6 47. Kg4 Bd5 48. Kg5 Be4 49. Kh6 Bd5 50. g4 Bc6 51. g5 Bd5 52. Kh7 Bc6
53. h5 Be4 54. c6 gxh5+ 55. g6+ Ke7 56. cxb7 Bxb7 57. g7 Be4+ 58. Kh8 1-0

[Event "Koge Lang Sommerweekend 2023"]
[Site "Koge"]
[Date "2023.07.15"]
[Round "7"]
[White "Bhagat, Kush"]
[Black "Johannessen, Heine N"]
[Result "1-0"]
[WhiteElo "2184"]
[BlackElo "2118"]
[PlyCount "81"]
[EventDate "2023.07.12"]
[EventType "tourn"]
[EventRounds "9"]
[EventCountry "DEN"]
[SourceTitle "Turneringssystemet"]

1. d4 d5 2. Bf4 Nf6 3. e3 c5 4. Nf3 Nc6 5. Nbd2 Qb6 6. dxc5 Qxb2 7. Rb1 Qc3 8.
Bb5 e6 9. O-O Be7 10. e4 O-O 11. e5 Nd7 12. Nb3 Qb4 13. Nfd4 Nxd4 14. Nxd4 Qxc5
15. Re1 Rd8 16. Re3 g6 17. c3 a6 18. Bd3 Bf8 19. h4 Bg7 20. h5 Re8 21. Rc1 Nf8
22. Qg4 Bd7 23. Qh4 Bb5 24. Bc2 Qe7 25. Bg5 Qa3 26. Rce1 Ba4 27. Bb1 Rec8 28.
Qg3 gxh5 29. f4 Bd7 30. f5 exf5 31. Nxf5 Ng6 32. Nxg7 Kxg7 33. Bf6+ Kg8 34. e6
Be8 35. Qg5 fxe6 36. Rxe6 Qf8 37. Bd4 Rc6 38. Bxg6 Bxg6 39. Rxc6 bxc6 40. Qe5
Bf5 41. Rf1 1-0

[Event "Koge Lang Sommerweekend 2023"]
[Site "Koge"]
[Date "2023.07.15"]
[Round "8"]
[White "Meskenas, Paulius"]
[Black "Bhagat, Kush"]
[Result "1/2-1/2"]
[WhiteElo "2194"]
[BlackElo "2184"]
[PlyCount "32"]
[EventDate "2023.07.12"]
[EventType "tourn"]
[EventRounds "9"]
[EventCountry "DEN"]
[SourceTitle "Turneringssystemet"]

1. e4 c5 2. c3 Nf6 3. e5 Nd5 4. d4 cxd4 5. Nf3 Nc6 6. cxd4 d6 7. Bc4 dxe5 8.
dxe5 Be6 9. O-O g6 10. Qe2 Qc7 11. Na3 a6 12. Rd1 Rd8 13. Qe4 Bf5 14. Qe2 Be6
15. Qe4 Bf5 16. Qe2 Be6 1/2-1/2

[Event "Koge Lang Sommerweekend 2023"]
[Site "Koge"]
[Date "2023.07.15"]
[Round "8"]
[White "Damm, Kasper Wilken"]
[Black "Jacobsen, Mikkel Manosri"]
[Result "0-1"]
[WhiteElo "2159"]
[BlackElo "2346"]
[PlyCount "140"]
[EventDate "2023.07.12"]
[EventType "tourn"]
[EventRounds "9"]
[EventCountry "DEN"]
[SourceTitle "Turneringssystemet"]

1. e4 c5 2. Nf3 Nf6 3. e5 Nd5 4. Nc3 e6 5. Nxd5 exd5 6. d4 Nc6 7. dxc5 Bxc5 8.
Qxd5 d6 9. Be2 Qa5+ 10. Qd2 Qb6 11. exd6 Bxf2+ 12. Kf1 Be6 13. Qg5 Bc5 14. Bf4
O-O 15. Rd1 f6 16. Qh5 g6 17. Qh6 Nd8 18. b3 Nf7 19. Qh4 g5 20. Qg3 Nh6 21. Bd3
Ng4 22. Bc4 Bxc4+ 23. bxc4 h5 24. Bc1 Be3 25. d7 Bxc1 26. Rxc1 Qe6 27. Re1
Qxc4+ 28. Re2 Ne3+ 29. Kf2 Nf5 30. Qh3 Qc5+ 31. Ke1 Rad8 32. Nd2 Rxd7 33. Rf1
Rd5 34. Nb3 Qb4+ 35. c3 Qh4+ 36. Qxh4 Nxh4 37. g3 Ng6 38. c4 Re5 39. c5 Kf7 40.
Rxe5 Nxe5 41. Kf2 Rd8 42. Rb1 Ke6 43. Ke2 Rd5 44. a4 Nd3 45. Ke3 Nxc5 46. Nxc5+
Rxc5 47. Rxb7 a5 48. Ra7 Re5+ 49. Kf2 Kf5 50. Ra6 g4 51. Kg2 Rc5 52. h4 Ke5 53.
Kf2 f5 54. Ke3 Rc3+ 55. Kf2 f4 56. Rxa5+ Ke4 57. gxf4 Kxf4 58. Rxh5 Rc2+ 59.
Kg1 Kg3 60. Kf1 Kh2 61. Rg5 g3 62. h5 g2+ 63. Ke1 g1=Q+ 64. Rxg1 Kxg1 65. h6
Rh2 66. Kd1 Rxh6 67. Kc2 Rh3 68. Kb2 Kf2 69. Ka2 Ke2 70. Kb2 Kd2 0-1

[Event "Koge Lang Sommerweekend 2023"]
[Site "Koge"]
[Date "2023.07.15"]
[Round "8"]
[White "Thorsbro, Peter"]
[Black "Eriksson, Christian Altenburg"]
[Result "0-1"]
[WhiteElo "2202"]
[BlackElo "2126"]
[PlyCount "163"]
[EventDate "2023.07.12"]
[EventType "tourn"]
[EventRounds "9"]
[EventCountry "DEN"]
[SourceTitle "Turneringssystemet"]

1. d4 d5 2. c4 dxc4 3. Nf3 Nf6 4. e3 e6 5. Bxc4 a6 6. O-O c5 7. a3 b5 8. Ba2
Bb7 9. Nc3 Be7 10. dxc5 Qxd1 11. Rxd1 Bxc5 12. b4 Be7 13. Bb2 Nbd7 14. Ne2 O-O
15. Nf4 Rfd8 16. Rac1 Rac8 17. Rxc8 Rxc8 18. Bb3 Nf8 19. Ne5 Rd8 20. Rxd8 Bxd8
21. f3 Ng6 22. Nfxg6 hxg6 23. Bd4 Be7 24. e4 Kf8 25. g4 Ke8 26. Kf2 g5 27. h3
g6 28. Ke3 Nd7 29. Nxd7 Kxd7 30. e5 Bd5 31. Bc2 Bc4 32. Bd3 Kc6 33. Bxc4 bxc4
34. Kd2 a5 35. bxa5 Kb5 36. a6 Kxa6 37. Kc3 Bxa3 38. Kxc4 Kb7 39. Be3 Be7 40.
Bc5 Bd8 41. Kd4 Kc6 42. Bf8 Kd7 43. Ke4 f5+ 44. exf6 Bxf6 45. Bc5 Ke8 46. Bd4
Be7 47. Ke5 Kf7 48. Be3 Bf6+ 49. Kd6 Be7+ 50. Kd7 Bf6 51. Bd2 Be7 52. Bc3 Bc5
53. Ba5 Be3 54. Bd8 Bf4 55. Kc6 Bc1 56. Kc5 Ke8 57. Bc7 Kf7 58. Kd4 Bb2+ 59.
Ke4 Bf6 60. Be5 Be7 61. Kd4 Bd8 62. Kc5 Be7+ 63. Kc6 Bd8 64. Kd7 Be7 65. Bd6
Bf6 66. f4 gxf4 67. Bxf4 Bh4 68. Be5 Bf6 69. Bg3 Bc3 70. Kd6 Bb4+ 71. Ke5 Ba5
72. Bf4 Bc3+ 73. Ke4 Kf6 74. h4 Be1 75. h5 gxh5 76. gxh5 Bc3 77. Be3 Bb2 78.
Bd4+ Bxd4 79. Kxd4 Kg5 80. h6 Kxh6 81. Ke5 Kg6 82. Kxe6 0-1

[Event "Koge Lang Sommerweekend 2023"]
[Site "Koge"]
[Date "2023.07.15"]
[Round "8"]
[White "Koch Mueller, Oscar"]
[Black "Johannessen, Heine N"]
[Result "0-1"]
[WhiteElo "2132"]
[BlackElo "2118"]
[PlyCount "120"]
[EventDate "2023.07.12"]
[EventType "tourn"]
[EventRounds "9"]
[EventCountry "DEN"]
[SourceTitle "Turneringssystemet"]

1. d4 d5 2. c4 dxc4 3. Nf3 Nf6 4. e3 e6 5. Bxc4 c5 6. O-O a6 7. b3 b5 8. Be2
Bb7 9. Bb2 Nbd7 10. a4 Bc6 11. dxc5 Bxc5 12. Nd4 Bd5 13. axb5 axb5 14. Nxb5
Rxa1 15. Bxa1 O-O 16. N1c3 Bc6 17. Bf3 Qb6 18. Bxc6 Qxc6 19. Nd4 Qb7 20. Qf3
Qb4 21. Rb1 Bxd4 22. exd4 Qxd4 23. b4 Rb8 24. b5 h6 25. Qg3 e5 26. h3 Qc5 27.
Qe3 Qxe3 28. fxe3 Kf8 29. Kf2 Ke7 30. Ke2 Nb6 31. Na2 Nfd7 32. Nb4 Ra8 33. Na6
Rc8 34. Kd3 Ke6 35. e4 h5 36. Bc3 g6 37. Bd2 Rc4 38. Be3 f5 39. exf5+ gxf5 40.
Rb4 e4+ 41. Kd2 Rc8 42. Bg1 Kd5 43. Rd4+ Ke5 44. Nb4 Rg8 45. Nc6+ Ke6 46. Kc3
Rxg2 47. Rd1 f4 48. Nd4+ Kf6 49. h4 f3 50. Rf1 Ke5 51. Nc2 Nd5+ 52. Kb3 Kf4 53.
Ne1 Re2 54. Kc4 Ne3+ 55. Bxe3+ Kxe3 56. Kd5 f2 57. Nc2+ Rxc2 58. Kd6 Nb6 59.
Rh1 Kf3 60. Rd1 Kg2 0-1

[Event "Koge Lang Sommerweekend 2023"]
[Site "Koge"]
[Date "2023.07.16"]
[Round "9"]
[White "Johannessen, Heine N"]
[Black "Meskenas, Paulius"]
[Result "1/2-1/2"]
[WhiteElo "2118"]
[BlackElo "2194"]
[PlyCount "90"]
[EventDate "2023.07.12"]
[EventType "tourn"]
[EventRounds "9"]
[EventCountry "DEN"]
[SourceTitle "Turneringssystemet"]

1. d4 Nf6 2. Nf3 g6 3. g3 d5 4. Bg2 Bg7 5. O-O O-O 6. c4 c6 7. cxd5 cxd5 8. Nc3
Nc6 9. Ne5 Be6 10. Nxc6 bxc6 11. Na4 Nd7 12. Bf4 Rc8 13. Rc1 Qa5 14. Be3 Rfd8
15. a3 Qb5 16. b4 Nb6 17. Nc5 Bf5 18. Nb7 Rd7 19. Nc5 Rdd8 20. Nb7 Re8 21. Rc5
Qa6 22. Na5 Nd7 23. Rc1 e5 24. Re1 f6 25. Qa4 Nb6 26. Rxc6 exd4 27. Bxd4 Bd7
28. Rxb6 Qxb6 29. Bxb6 Bxa4 30. Bxd5+ Kh8 31. Bxa7 Rc3 32. Nc4 Rd8 33. Be6 Bb3
34. Bb6 Bxc4 35. Bxd8 Bxe6 36. a4 Rc8 37. Be7 Ra8 38. b5 Bb3 39. b6 Bxa4 40. b7
Rb8 41. Ra1 Rxb7 42. Rxa4 Rxe7 43. Ra8+ Bf8 44. Rxf8+ Kg7 45. Ra8 Rxe2 1/2-1/2

[Event "Koge Lang Sommerweekend 2023"]
[Site "Koge"]
[Date "2023.07.16"]
[Round "9"]
[White "Bhagat, Kush"]
[Black "Damm, Kasper Wilken"]
[Result "1/2-1/2"]
[WhiteElo "2184"]
[BlackElo "2159"]
[PlyCount "34"]
[EventDate "2023.07.12"]
[EventType "tourn"]
[EventRounds "9"]
[EventCountry "DEN"]
[SourceTitle "Turneringssystemet"]

1. d4 Nf6 2. Bf4 d5 3. e3 e6 4. Nf3 Bd6 5. Bd3 c5 6. c3 Qc7 7. Bxd6 Qxd6 8. Ne5
Nfd7 9. f4 O-O 10. O-O f5 11. Nd2 Nf6 12. Ndf3 b6 13. a4 a5 14. Qe1 Ba6 15. Bc4
Bb5 16. Bxb5 Na6 17. Bxa6 Ra7 1/2-1/2

[Event "Koge Lang Sommerweekend 2023"]
[Site "Koge"]
[Date "2023.07.16"]
[Round "9"]
[White "Jacobsen, Mikkel Manosri"]
[Black "Thorsbro, Peter"]
[Result "1-0"]
[WhiteElo "2346"]
[BlackElo "2202"]
[PlyCount "99"]
[EventDate "2023.07.12"]
[EventType "tourn"]
[EventRounds "9"]
[EventCountry "DEN"]
[SourceTitle "Turneringssystemet"]

1. d4 d5 2. Nf3 Nf6 3. Bf4 e6 4. e3 Bd6 5. Nbd2 O-O 6. c3 Bxf4 7. exf4 c5 8.
dxc5 Qc7 9. g3 Qxc5 10. Bd3 b6 11. Qe2 a5 12. a4 Ba6 13. O-O Bxd3 14. Qxd3 Nbd7
15. Rfe1 Rfe8 16. Ne5 Rac8 17. Kg2 Qc7 18. Ndf3 Nxe5 19. Rxe5 g6 20. Nd4 Qc4
21. Qd1 Nd7 22. Re3 Nc5 23. h4 Ne4 24. h5 Qc7 25. Qg4 Nf6 26. Qg5 Nxh5 27. Rh1
f6 28. Qg4 Ng7 29. Nxe6 Rxe6 30. Rxe6 Qd7 31. Rhe1 f5 32. Qe2 Nxe6 33. Qxe6+
Qxe6 34. Rxe6 Rc4 35. Rxb6 d4 36. cxd4 Rxa4 37. d5 Rd4 38. Rb5 a4 39. Kf3 a3
40. Ke3 a2 41. Ra5 Rxd5 42. Rxa2 Kf7 43. b4 h6 44. Rd2 Rb5 45. Rb2 g5 46. fxg5
hxg5 47. Kd4 Ke6 48. Kc4 Re5 49. b5 Kd7 50. Rd2+ 1-0

[Event "Koge Lang Sommerweekend 2023"]
[Site "Koge"]
[Date "2023.07.16"]
[Round "9"]
[White "Eriksson, Christian Altenburg"]
[Black "Skytte, Rasmus"]
[Result "1-0"]
[WhiteElo "2126"]
[BlackElo "2351"]
[PlyCount "84"]
[EventDate "2023.07.12"]
[EventType "tourn"]
[EventRounds "9"]
[EventCountry "DEN"]
[SourceTitle "Turneringssystemet"]

1. e4 c5 2. c3 d5 3. exd5 Nf6 4. Bb5+ Nbd7 5. d4 cxd4 6. Qxd4 g6 7. Nf3 Bg7 8.
O-O O-O 9. Rd1 a6 10. Be2 Nb6 11. Qh4 Bf5 12. Be3 Rc8 13. Na3 Qd6 14. Bf4 Qc5
15. d6 Nbd5 16. Be5 Rfe8 17. dxe7 Rxe7 18. c4 Rxe5 19. Nxe5 Nc3 20. bxc3 Qxe5
21. Bd3 Be6 22. Nc2 Qxc3 23. Ne3 Qa3 24. Rab1 Qxa2 25. Rxb7 Qa4 26. Be2 a5 27.
Qf4 Qe8 28. Ra7 a4 29. Bf3 h6 30. h4 Kh7 31. Nd5 Nxd5 32. Bxd5 Bf5 33. Rxf7 a3
34. Ra7 Qf8 35. Qc1 Bg4 36. Re1 Re8 37. Rxe8 Qxe8 38. Qa1 Qf8 39. Qxa3 Qf6 40.
Qe7 Qd4 41. Qe3 Qd1+ 42. Kh2 Qb1 1-0